Municipal system of sustainability indicators / Written by: Jordi Codina ... [et al.] Jordi Codina ... [et al.]
Descripción Física:
108 p. ; 24 cm
Otros Autores:
Codina, Jordi
MARC
| LEADER | 00000nam a2200000Ia 4500 | ||
|---|---|---|---|
| 001 | 16958 | ||
| 008 | 160829s2001 xx 000 0 cat d | ||
| 080 | |a C-2-283 | ||
| 245 | |a Municipal system of sustainability indicators / Written by: |b Jordi Codina ... [et al.] | ||
| 260 | |a [Barcelona] : |b Diputació de Barcelona, |c 2001 | ||
| 300 | |a 108 p. ; |c 24 cm | ||
| 590 | |a A la portada : Expo 2000 Hannover, projecte registrat de l'Exposició Mundial i Xarxa de Ciutats i pobles cap a la Sostenibilitat. | ||
| 590 | |a Hi ha un altre exemplar en català amb R. 12768 i un altre en castellà amb R. 21263 | ||
| 650 | 0 | |a Desenvolupament sostenible |9 23028 | |
| 650 | |a Gestió ambiental |x Barcelona |9 39020 | ||
| 700 | |a Codina, Jordi |9 39021 | ||
| 710 | 1 | |a Barcelona (Catalunya : Província). |b Diputació |9 52408 | |
| 901 | |a Arxiu | ||
| 942 | |n 1 | ||
| 952 | |0 0 |1 0 |4 0 |6 C2283 |7 1 |9 48751 |a Arxiu |b Arxiu |d 2016-12-01 |l 0 |o C-2-283 |p 16958 |r 2016-12-01 00:00:00 |w 2016-12-01 |y ARXIU | ||
| 999 | |c 52582 |d 52582 | ||